00637nam a2200205Ia 450000500170000000800460001702000180006303700220008104000200010304100130012308400290013610000240016524500600018926000660024930000100031549000480032565000080037394200290038199900210041020250507130323.0008 250505s9999 xx 000 0 eng d a0-89093-095-3 aAnnuals, Advances aEASLbengcEASL aeng2eng aV41:1973.N17, L6;3qEASL aTomimas A M Shutaro 0aOpen door policy and the territorial integrity of China aUSAbArlington University Publications of America. INC.c1976 a149p. aStudies in Chinese history and civilization aCEL cTEXLhV41:1973.N17, L6;3 c1318987d1318987